|
|
|
|
| LEADER |
00000cam a2200000 a 4500 |
| 001 |
vtls008336264 |
| 003 |
SK-MaSNL |
| 005 |
20260301123158.0 |
| 008 |
230501s1975 xo a jr 000 f slo |
| 015 |
|
|
|a SNBA1975/05-01371
|
| 020 |
|
|
|q (viazané)
|
| 035 |
|
|
|a SK01SNK19750028481
|
| 035 |
|
|
|a 9766E01F-7832-4102-AA96-89336850D573
|
| 035 |
|
|
|a urn:nbn:sk:snk-am00ihoj
|
| 035 |
|
|
|a SKM000030944
|
| 040 |
|
|
|a SNK
|b slo
|c SNK
|e AACR2
|
| 041 |
1 |
|
|a slo
|h eng
|
| 044 |
|
|
|a xo
|c SK
|
| 080 |
|
|
|a 820 (71)-3(087.5)
|2 1981
|
| 100 |
1 |
|
|a Montgomery, Lucy Maud,
|d 1874-1942
|4 aut
|9 88335
|
| 240 |
1 |
0 |
|a Anne of the Island
|l Slovensky
|
| 245 |
1 |
0 |
|a Anna v Redmonde
|c L.M. Montgomeryová ; z anglického originálu Anne of the Island ... preložil Jozef Šimo ; ilustroval Jozef Trepáč
|
| 250 |
|
|
|a 3. vyd.
|
| 260 |
|
|
|a Bratislava
|b Mladé letá
|c 1975
|e Banská Bystrica
|f Tlačiarne SNP
|
| 300 |
|
|
|a 267, [8] s.
|c 8°
|
| 366 |
|
|
|e 20000 kusov
|
| 500 |
|
|
|a Frontispice
|
| 521 |
|
|
|a Pre čitateľov od 11 rokov
|
| 655 |
|
7 |
|a kanadské romány (anglicky)
|2 SNKPH
|9 70623
|
| 655 |
|
7 |
|a dievčenské romány
|2 SNKPH
|9 1548
|
| 700 |
1 |
|
|a Šimo, Jozef,
|d 1909-1984
|4 trl
|9 119415
|
| 700 |
1 |
|
|a Trepáč, Jozef,
|d 1936-
|4 ill
|9 193476
|
| 852 |
|
|
|a Slovenská národná knižnica
|
| 954 |
|
|
|a beletria cudzojazyčná (svetová)
|2 lita
|
| 958 |
|
|
|a TL
|
| 958 |
|
|
|a RK
|
| 958 |
|
|
|a UP
|
| 958 |
|
|
|a LX
|
| 958 |
|
|
|a DB
|
| 999 |
|
|
|c 735331
|d 737261
|
| 952 |
|
|
|a SNK
|b SNK
|y PREZ
|7 0
|p 17A0986391
|o snkSC 36258
|i snkKSP 3440/75
|0 0
|1 0
|4 0
|d 2020-03-22
|f 1
|l 0
|r 2025-10-03 00:00:00
|w 2026-02-23
|
| 952 |
|
|
|a SNK
|b SNK
|y VYP
|7 0
|o snkSC 36258 D1
|0 0
|1 0
|4 0
|d 2020-03-22
|l 0
|r 2026-02-23 22:42:34
|w 2026-02-23
|